[Event "Sachsen-Anhalt Landesliga-A 1920"]
[Site "Sachsen Anhalt"]
[Date "2020.03.05"]
[Round "7"]
[White "Schumacher, Maik"]
[Black "Schiffner, Kevin"]
[Result "0-1"]
[WhiteElo "1838"]
[BlackElo "2018"]
[PlyCount "56"]
[EventDate "2019.09.29"]
[EventType "team-tourn"]
[EventRounds "9"]
[EventCountry "GER"]
[SourceTitle "EXT 2023"]
[Source "ChessBase"]
[SourceDate "2022.10.05"]
[SourceVersion "1"]
[SourceVersionDate "2022.10.05"]
[SourceQuality "1"]
[WhiteTeam "Gardelegen"]
[BlackTeam "Dahlenwarsleben"]
[WhiteTeamCountry "GER"]
[BlackTeamCountry "GER"]

1. e4 c5 2. Nc3 Nc6 3. g3 g6 4. Bg2 Bg7 5. Nge2 d6 6. 0-0 Rb8 7. d3 Bg4 8. h3 Bd7 9. Be3 Nd4 10. Qd2 Qc8 11. Kh2 Bxh3 12. f4 Bxg2 13. Kxg2 h5 14. Bxd4 cxd4 15. Nb5 h4 16. Rf3 Qc5 17. a4 a6 18. Na3 Qh5 19. g4 Qxg4+ 20. Kf2 h3 21. Rg3 Qh4 22. Rh1 h2 23. Kf3 Nf6 24. c3 Nh5 25. Rg4 Qh3+ 26. Ng3 Nf6 27. Rg5 Rh4 28. Qg2 Rxf4+ 0-1

[Event "Sachsen-Anhalt-ch 28th"]
[Site "Magdeburg"]
[Date "2018.05.11"]
[Round "4.3"]
[White "Stein, Robert"]
[Black "Schiffner, Kevin"]
[Result "1-0"]
[WhiteElo "2235"]
[BlackElo "2018"]
[PlyCount "83"]
[EventDate "2018.05.10"]
[EventType "tourn"]
[EventRounds "7"]
[EventCountry "GER"]
[SourceTitle "EXT 2019"]
[Source "ChessBase"]
[SourceDate "2018.10.10"]
[SourceVersion "1"]
[SourceVersionDate "2018.10.10"]
[SourceQuality "1"]

1. d4 e6 2. c4 Nf6 3. Nf3 d5 4. g3 Nbd7 5. Qc2 c6 6. Bg2 Be7 7. 0-0 0-0 8. Nbd2 c5 9. e4 dxc4 10. Qxc4 Rb8 11. e5 Nd5 12. dxc5 Nxc5 13. Qg4 Nd3 14. Ne4 Nxc1 15. Raxc1 Qb6 16. Rc2 Bd7 17. a3 Bb5 18. Rd1 Rbd8 19. Rcd2 Kh8 20. Bf1 Bc6 21. Bd3 f5 22. exf6 Nxf6 23. Nxf6 Bxf3 24. Qxf3 Rxf6 25. Qe4 g6 26. Kg2 Rd4 27. Qe2 Bc5 28. b4 Qc6+ 29. f3 Bb6 30. Be4 Qd7 31. Rxd4 Bxd4 32. Bxb7 Rf7 33. Bc8 Qxc8 34. Rxd4 Rc7 35. Qe5+ Kg8 36. Rd3 Kf7 37. Rd4 Rc2+ 38. Kh3 Rc6 39. g4 Rc3 40. Rf4+ Kg8 41. Qf6 Rc7 42. Rd4 1-0

[Event "Sachsen-Anhalt-ch 28th"]
[Site "Magdeburg"]
[Date "2018.05.10"]
[Round "1.4"]
[White "Schiffner, Kevin"]
[Black "Paul, Johannes"]
[Result "1/2-1/2"]
[WhiteElo "2018"]
[BlackElo "2310"]
[PlyCount "97"]
[EventDate "2018.05.10"]
[EventType "tourn"]
[EventRounds "7"]
[EventCountry "GER"]
[SourceTitle "EXT 2019"]
[Source "ChessBase"]
[SourceDate "2018.10.10"]
[SourceVersion "1"]
[SourceVersionDate "2018.10.10"]
[SourceQuality "1"]

1. c4 Nf6 2. Nc3 e5 3. g3 d5 4. cxd5 Nxd5 5. Bg2 Nb6 6. Nf3 Nc6 7. 0-0 Be7 8. d3 0-0 9. Bd2 Re8 10. Re1 Bf8 11. a4 a5 12. Rc1 Nd4 13. Ne4 c6 14. Nc5 Nxf3+ 15. Bxf3 Nd5 16. Qb3 Ra7 17. Ne4 Nb4 18. Ng5 Qe7 19. Be3 Ra8 20. h4 h6 21. Bc5 Qc7 22. Bb6 Qe7 23. Bc5 Qd7 24. Ne4 Qc7 25. d4 Be6 26. Qe3 f5 27. Bxf8 fxe4 28. Bxb4 exf3 29. Bc3 e4 30. exf3 exf3 31. Qxf3 Rf8 32. Qe2 Rae8 33. d5 Bf7 34. Qg4 Bxd5 35. Rxe8 Rxe8 36. Re1 Rxe1+ 37. Bxe1 b6 38. Bc3 Qf7 39. Qd4 Kh7 40. Qe5 c5 41. Kf1 Bc6 42. Kg1 Qd7 43. Kh2 Bxa4 44. Qe4+ Kg8 45. Qc4+ Kh8 46. Qf4 Kh7 47. Qe4+ Kg8 48. Qc4+ Kh8 49. Qf4 1/2-1/2

[Event "GER Cup 1617 final"]
[Site "Niederhausen"]
[Date "2017.06.15"]
[Round "1.12"]
[White "Schiffner, Kevin"]
[Black "Noetzel, Felix"]
[Result "0-1"]
[WhiteElo "2019"]
[BlackElo "2191"]
[PlyCount "52"]
[EventDate "2017.06.15"]
[EventType "swiss"]
[EventRounds "5"]
[EventCountry "GER"]
[SourceTitle "EXT 2019"]
[Source "ChessBase"]
[SourceDate "2018.10.10"]
[SourceVersion "1"]
[SourceVersionDate "2018.10.10"]
[SourceQuality "1"]

1. d4 d5 2. c4 e6 3. Nc3 c6 4. e3 f5 5. Nf3 Nf6 6. Be2 Bd6 7. Rb1 Nbd7 8. b4 0-0 9. Qb3 Ne4 10. Nd2 Qg5 11. Bf3 Kh8 12. h4 Qe7 13. b5 e5 14. cxd5 Nxd2 15. Kxd2 exd4 16. exd4 c5 17. Ne2 Nf6 18. Bb2 Ne4+ 19. Bxe4 fxe4 20. Qe3 c4 21. Ke1 Bd7 22. Bc1 Qf7 23. Nc3 Rae8 24. Rf1 h6 25. Rb2 Qg6 26. Rg1 Bf4 0-1

[Event "GER-chT Nord-Ost U20 U20 1112"]
[Site "Germany"]
[Date "2011.12.04"]
[Round "4"]
[White "Nguyen, Manh Hoang"]
[Black "Schiffner, Kevin"]
[Result "0-1"]
[WhiteElo "1613"]
[BlackElo "1962"]
[PlyCount "72"]
[EventDate "2011.09.24"]
[EventType "team-tourn"]
[EventRounds "9"]
[EventCountry "GER"]
[SourceTitle "EXT 2015"]
[Source "ChessBase"]
[SourceDate "2014.11.20"]
[SourceVersion "1"]
[SourceVersionDate "2014.11.20"]
[SourceQuality "1"]

1. e4 d6 2. d4 g6 3. Nc3 Bg7 4. Be3 a6 5. Qd2 b5 6. f4 Bb7 7. Bd3 Nd7 8. e5 e6 9. Be4 d5 10. Bf3 Rc8 11. Nge2 Ne7 12. g4 c5 13. dxc5 Nxc5 14. Ng3 Qc7 15. Qd4 Nd7 16. a4 Nc6 17. Qd1 b4 18. Nce2 0-0 19. h4 Ndxe5 20. fxe5 Nxe5 21. 0-0 Nxf3+ 22. Rxf3 d4 23. Bf4 e5 24. Rf2 exf4 25. Nxf4 Qe7 26. Ng2 Bxg2 27. Kxg2 Qxh4 28. Qe2 a5 29. Rh1 Qd8 30. Qd3 Qd7 31. Qf3 Qxa4 32. b3 Qd7 33. Ne4 Qc6 34. Re2 f5 35. Qh3 h6 36. gxf5 gxf5 0-1

[Event "GER-chT U20"]
[Site "Osnabrueck"]
[Date "2010.12.28"]
[Round "4.3"]
[White "Schiffner, Kevin"]
[Black "Hahn, Florian"]
[Result "1-0"]
[WhiteElo "1935"]
[BlackElo "1968"]
[PlyCount "50"]
[EventDate "2010.12.27"]
[EventType "team-swiss"]
[EventRounds "7"]
[EventCountry "GER"]
[SourceTitle "CBM 140 Extra"]
[Source "ChessBase"]
[SourceDate "2011.03.01"]
[SourceVersion "1"]
[SourceVersionDate "2011.03.01"]
[SourceQuality "1"]
[WhiteTeam "Magdeburg Aufbau Elbe"]
[BlackTeam "Gruendau"]
[WhiteTeamCountry "GER"]
[BlackTeamCountry "GER"]

1. d4 Nf6 2. c4 e6 3. Nc3 Bb4 4. Qc2 0-0 5. Nf3 b6 6. e3 Bb7 7. Be2 Ne4 8. 0-0 Bxc3 9. bxc3 f5 10. Rd1 d6 11. Ba3 Nd7 12. c5 bxc5 13. dxc5 Ndxc5 14. Nd4 Qg5 15. Bf3 Rf6 16. Rab1 Ba6 17. Bxc5 dxc5 18. Bxe4 fxe4 19. Qxe4 Raf8 20. Nxe6 Qh6 21. Nxf8 Rxf8 22. Qd5+ Kh8 23. Qxc5 Qf6 24. Rd2 Bd3 25. Rbd1 Be4 1-0

[Event "GER-ch U18"]
[Site "Oberhof"]
[Date "2010.05.29"]
[Round "9"]
[White "Schiffner, Kevin"]
[Black "Strunski, Andreas"]
[Result "0-1"]
[WhiteElo "1959"]
[BlackElo "2378"]
[PlyCount "82"]
[EventDate "2010.05.22"]
[EventType "swiss"]
[EventRounds "9"]
[EventCountry "GER"]
[SourceTitle "CBM 136 Extra"]
[Source "ChessBase"]
[SourceDate "2010.07.02"]
[SourceVersion "2"]
[SourceVersionDate "2010.07.15"]
[SourceQuality "1"]

1. d4 Nf6 2. c4 g6 3. Nc3 Bg7 4. e4 d6 5. f3 0-0 6. Be3 c5 7. Nge2 Nc6 8. d5 Ne5 9. Ng3 e6 10. Be2 exd5 11. cxd5 a6 12. a4 h5 13. 0-0 Nh7 14. Qe1 h4 15. Nh1 f5 16. Qd2 Qf6 17. f4 Nf7 18. Nf2 Bd7 19. Nd3 fxe4 20. Nxe4 Qe7 21. Bf3 Rae8 22. Rfe1 Qd8 23. Ndf2 Bc8 24. Rac1 b6 25. b4 a5 26. bxa5 bxa5 27. Rb1 Nh6 28. Rb5 Nf5 29. Rxa5 Nxe3 30. Rxe3 Nf6 31. Ra8 Nxe4 32. Rxe4 Bd4 33. Kh1 Qb6 34. Rxe8 Rxe8 35. h3 Qb7 36. Ra5 Qb1+ 37. Nd1 Qd3 38. Qxd3 Re1+ 39. Kh2 Bg1+ 40. Kh1 Bf2+ 41. Kh2 Bg3# 0-1

[Event "GER-ch U18"]
[Site "Oberhof"]
[Date "2010.05.27"]
[Round "7"]
[White "Schiffner, Kevin"]
[Black "Mueller, Denis"]
[Result "1/2-1/2"]
[WhiteElo "1959"]
[BlackElo "1917"]
[PlyCount "31"]
[EventDate "2010.05.22"]
[EventType "swiss"]
[EventRounds "9"]
[EventCountry "GER"]
[SourceTitle "CBM 136 Extra"]
[Source "ChessBase"]
[SourceDate "2010.07.02"]
[SourceVersion "2"]
[SourceVersionDate "2010.07.15"]
[SourceQuality "1"]

1. d4 Nf6 2. c4 g6 3. Nc3 Bg7 4. e4 d6 5. f3 0-0 6. Be3 c5 7. d5 a6 8. Qd2 b5 9. cxb5 Qa5 10. bxa6 Nbd7 11. Rc1 Ne5 12. b3 Bxa6 13. Bxa6 Qxa6 14. Rd1 c4 15. Nge2 Rfb8 16. Nc1 1/2-1/2

[Event "GER-ch U18"]
[Site "Oberhof"]
[Date "2010.05.25"]
[Round "5"]
[White "Schneider, Jens"]
[Black "Schiffner, Kevin"]
[Result "1/2-1/2"]
[WhiteElo "1980"]
[BlackElo "1959"]
[PlyCount "132"]
[EventDate "2010.05.22"]
[EventType "swiss"]
[EventRounds "9"]
[EventCountry "GER"]
[SourceTitle "CBM 136 Extra"]
[Source "ChessBase"]
[SourceDate "2010.07.02"]
[SourceVersion "2"]
[SourceVersionDate "2010.07.15"]
[SourceQuality "1"]

1. Nc3 c5 2. Nf3 Nc6 3. d4 cxd4 4. Nxd4 a6 5. g3 e6 6. Bg2 Nf6 7. 0-0 Be7 8. e4 Qc7 9. Be3 0-0 10. Qe2 d6 11. f4 Na5 12. Bf2 Rb8 13. g4 Nc6 14. f5 Ne5 15. Bh3 Ne8 16. Be3 exf5 17. Nd5 Qd8 18. gxf5 Nf6 19. Nxe7+ Qxe7 20. Bg5 Ned7 21. Rfe1 Re8 22. Bg2 Qe5 23. c3 b5 24. Qf2 Bb7 25. Bf4 Qc5 26. Rad1 Bxe4 27. Bxe4 Rxe4 28. Rxe4 Nxe4 29. Qg2 Re8 30. Kh1 Ndf6 31. Rg1 g6 32. fxg6 hxg6 33. Rd1 Qh5 34. Rf1 Nd5 35. Qf3 Qxf3+ 36. Rxf3 Nxf4 37. Rxf4 Nc5 38. Rf1 Nd3 39. Rb1 Kg7 40. Kg2 f5 41. b3 Kf6 42. Rd1 Nf4+ 43. Kf3 Nd5 44. Nxf5 Nxc3 45. Nxd6 Re2 46. Rd3 Rc2 47. a4 bxa4 48. bxa4 Nxa4 49. Ra3 Rc3+ 50. Rxc3 Nxc3 51. Nb7 Kg5 52. Nd6 a5 53. Ke3 Kh4 54. Kd3 Nd5 55. Kc2 Kh3 56. Nc4 Nb4+ 57. Kb3 Nc6 58. Ka4 Kxh2 59. Kb5 g5 60. Kxc6 a4 61. Kb5 g4 62. Kxa4 g3 63. Ne3 Kg1 64. Nf5 g2 65. Nh4 Kf2 66. Nxg2 Kxg2 1/2-1/2

[Event "GER-ch U18"]
[Site "Oberhof"]
[Date "2010.05.24"]
[Round "3"]
[White "Schiffner, Kevin"]
[Black "Bart, Simon"]
[Result "0-1"]
[WhiteElo "1959"]
[BlackElo "1979"]
[PlyCount "76"]
[EventDate "2010.05.22"]
[EventType "swiss"]
[EventRounds "9"]
[EventCountry "GER"]
[SourceTitle "CBM 136 Extra"]
[Source "ChessBase"]
[SourceDate "2010.07.02"]
[SourceVersion "2"]
[SourceVersionDate "2010.07.15"]
[SourceQuality "1"]

1. d4 d5 2. c4 c6 3. Nf3 Nf6 4. Nc3 g6 5. cxd5 Nxd5 6. e3 Bg7 7. Bc4 Nb6 8. Bb3 0-0 9. 0-0 Bg4 10. h3 Bxf3 11. Qxf3 N8d7 12. Rd1 e6 13. e4 Qe7 14. Be3 Rac8 15. Rd2 Qb4 16. Qe2 a5 17. Rc1 c5 18. d5 c4 19. dxe6 fxe6 20. Bd1 a4 21. a3 Qa5 22. Qg4 Rce8 23. Rd6 Qe5 24. Rxb6 Nxb6 25. Bxb6 Bh6 26. Rc2 Qd6 27. Nxa4 Qc6 28. b3 Rf4 29. Rxc4 Rxg4 30. Rxc6 Rxe4 31. f3 Re1+ 32. Kf2 Rxd1 33. Rc7 Bf4 34. Rxb7 Rd2+ 35. Kf1 Rc8 36. Bc5 Rcd8 37. Bb4 Rc2 38. Nc3 Rc1+ 0-1

[Event "GER-ch U18"]
[Site "Oberhof"]
[Date "2010.05.23"]
[Round "1"]
[White "Schiffner, Kevin"]
[Black "Gruenter, Martin"]
[Result "0-1"]
[WhiteElo "1959"]
[BlackElo "2185"]
[PlyCount "124"]
[EventDate "2010.05.22"]
[EventType "swiss"]
[EventRounds "9"]
[EventCountry "GER"]
[SourceTitle "CBM 136 Extra"]
[Source "ChessBase"]
[SourceDate "2010.07.02"]
[SourceVersion "2"]
[SourceVersionDate "2010.07.15"]
[SourceQuality "1"]

1. d4 Nf6 2. c4 e6 3. Nc3 Bb4 4. Qc2 c5 5. dxc5 Bxc5 6. Nf3 Qb6 7. e3 Qc7 8. Bd3 a6 9. 0-0 b6 10. h3 Bb7 11. Ne4 Be7 12. b3 d6 13. Bb2 Nbd7 14. Nfd2 Bc6 15. Nxf6+ Bxf6 16. Ne4 Bxb2 17. Qxb2 Ne5 18. Bc2 f5 19. Ng3 Qb7 20. f3 0-0 21. e4 f4 22. Ne2 Qc7 23. Rad1 g5 24. Qd4 Rad8 25. b4 Kf7 26. Bb3 Bb7 27. Qc3 Rc8 28. Rc1 a5 29. Rfd1 axb4 30. Qxb4 Ke7 31. Nd4 Qc5 32. Qxc5 dxc5 33. Nb5 Rfd8 34. Kf1 Ba6 35. Ke2 Bxb5 36. cxb5 c4 37. Rxd8 Rxd8 38. Bc2 Rd4 39. Rd1 Rxd1 40. Bxd1 Kd6 41. Kd2 Kc5 42. Kc3 Kxb5 43. Be2 Kc5 44. a4 Nd3 45. Bf1 Ne5 46. Be2 h5 47. Bd1 b5 48. axb5 Kxb5 49. Be2 Kc5 50. Bd1 Nd7 51. Ba4 Nb6 52. Be8 h4 53. Bf7 Na4+ 54. Kc2 e5 55. Be8 Kb4 56. Bd7 Nc5 57. Be8 Ne6 58. Bf7 Nd4+ 59. Kd2 c3+ 60. Ke1 Ne2 61. Kd1 Ng3 62. Ke1 Nf1 0-1

[Event "GER-chT U20"]
[Site "Chemnitz"]
[Date "2009.12.28"]
[Round "3.3"]
[White "Schiffner, Kevin"]
[Black "Seifert, Christopher"]
[Result "1/2-1/2"]
[WhiteElo "1952"]
[BlackElo "2109"]
[PlyCount "117"]
[EventDate "2009.12.27"]
[EventType "team-swiss"]
[EventRounds "7"]
[EventCountry "GER"]
[SourceTitle "EXT 2022"]
[Source "ChessBase"]
[SourceDate "2021.10.06"]
[SourceVersion "1"]
[SourceVersionDate "2021.10.06"]
[SourceQuality "1"]
[WhiteTeam "Magdeburg Aufbau Elbe U20"]
[BlackTeam "Neuberg U20"]
[WhiteTeamCountry "GER"]
[BlackTeamCountry "GER"]

1. d4 Nf6 2. c4 c5 3. Nf3 cxd4 4. Nxd4 g6 5. Nc3 Bg7 6. g3 0-0 7. Bg2 d6 8. 0-0 Nbd7 9. Bg5 h6 10. Bxf6 Nxf6 11. Qb3 Qa5 12. e3 Qh5 13. Qb5 Rd8 14. Rac1 Bd7 15. Qxh5 Nxh5 16. b4 Nf6 17. a3 Rab8 18. Rfd1 Rdc8 19. Nce2 Bg4 20. Rd2 Bxe2 21. Rxe2 Nd7 22. Bh3 Rd8 23. Nb3 e6 24. Rd1 Ne5 25. Rc2 Kf8 26. Bg2 Ke7 27. Na5 b6 28. Nc6+ Nxc6 29. Bxc6 Rbc8 30. b5 f5 31. a4 g5 32. Ra2 Bc3 33. Kg2 Rg8 34. Rd3 Bb4 35. Re2 e5 36. e4 f4 37. g4 h5 38. h3 hxg4 39. hxg4 Rh8 40. Rh3 Rxh3 41. Kxh3 a5 42. f3 Rh8+ 43. Kg2 Rh4 44. Rf2 Bc5 45. Rf1 Bb4 46. Rh1 Rxh1 47. Kxh1 d5 48. Bxd5 Kd6 49. c5+ Kxc5 50. Kg2 Bc3 51. Bb3 Kd4 52. Kf1 Ke3 53. Bd1 Kd2 54. Bb3 Bd4 55. Bc4 Kc2 56. Be2 Bc5 57. Bc4 Kb2 58. Be2 Bb4 59. Bd1 1/2-1/2

[Event "GER North-chT U16"]
[Site "Verden an der Aller"]
[Date "2008.09.13"]
[Round "3.1"]
[White "Schiffner, Kevin"]
[Black "Wierum, Colin"]
[Result "1/2-1/2"]
[WhiteElo "1934"]
[BlackElo "1822"]
[PlyCount "75"]
[EventDate "2008.09.12"]
[EventType "team-swiss"]
[EventRounds "6"]
[EventCountry "GER"]
[SourceTitle "EXT 2011"]
[Source "ChessBase"]
[SourceDate "2010.11.26"]
[SourceVersion "1"]
[SourceVersionDate "2010.11.26"]
[SourceQuality "1"]
[WhiteTeam "Magdeburg Aufbau Elbe"]
[BlackTeam "Hagen"]
[WhiteTeamCountry "GER"]
[BlackTeamCountry "GER"]

1. d4 c5 2. d5 g6 3. c4 Bg7 4. Nc3 Nf6 5. Nf3 0-0 6. e4 d6 7. Be2 e6 8. 0-0 exd5 9. cxd5 a6 10. a4 Re8 11. Nd2 Nbd7 12. f4 Rb8 13. Qc2 Qc7 14. Nc4 b5 15. axb5 axb5 16. Na5 b4 17. Nb5 Qb6 18. Nc4 Qxb5 19. Nxd6 Qb6 20. Nxe8 Nxe8 21. e5 Bb7 22. Bf3 Nc7 23. Rd1 g5 24. Qf5 c4+ 25. Kh1 Nc5 26. Qxg5 Nd3 27. Rxd3 cxd3 28. d6 Ne6 29. Qg3 Bxf3 30. gxf3 Qd4 31. f5 d2 32. Bxd2 Qxd2 33. fxe6 fxe6 34. Ra7 Qc1+ 35. Kg2 Qd2+ 36. Kh1 Qd1+ 37. Kg2 Qd2+ 38. Kh1 1/2-1/2

[Event "GER-ch U16"]
[Site "Willingen"]
[Date "2008.05.17"]
[Round "9"]
[White "Schiffner, Kevin"]
[Black "Borgmeyer, Max"]
[Result "0-1"]
[WhiteElo "1928"]
[BlackElo "2040"]
[PlyCount "126"]
[EventDate "2008.05.11"]
[EventType "swiss"]
[EventRounds "9"]
[EventCountry "GER"]
[SourceTitle "CBM 124 Extra"]
[Source "ChessBase"]
[SourceDate "2008.07.03"]
[SourceVersion "1"]
[SourceVersionDate "2008.07.03"]
[SourceQuality "1"]

1. d4 d5 2. c4 e6 3. Nc3 Nf6 4. Bg5 Nbd7 5. Nf3 c6 6. e3 Qa5 7. Nd2 Bb4 8. Qc2 dxc4 9. Bxf6 Nxf6 10. Nxc4 Qg5 11. Ne5 Nd5 12. Nf3 Qg6 13. Qxg6 hxg6 14. Rc1 c5 15. Bb5+ Bd7 16. Bxd7+ Kxd7 17. dxc5 Nxc3 18. c6+ Kxc6 19. a3 Kd6 20. axb4 Na2 21. Rd1+ Ke7 22. b5 Nb4 23. 0-0 Rhd8 24. h3 Rxd1 25. Rxd1 Rc8 26. Ra1 a6 27. bxa6 Nxa6 28. Nd4 e5 29. Nb3 Rc2 30. Na5 b5 31. Nb7 Nc7 32. b3 Rc3 33. Na5 Ne6 34. Rd1 Nc5 35. b4 Nd3 36. Nb7 Nxb4 37. Rb1 Rc7 38. Na5 Ra7 39. Nb3 Nc6 40. Nc5 b4 41. Nd3 Rb7 42. Rb3 Rb5 43. e4 Kd6 44. Kf1 f6 45. Ke1 Nd4 46. Rb2 b3 47. Kd2 Kc6 48. Kc3 Kb6 49. Nc1 Rc5+ 50. Kd2 Rc2+ 51. Rxc2 bxc2 52. Nd3 Kb5 53. Kc3 g5 54. Kd2 Kc4 55. g3 Kb3 56. f4 gxf4 57. gxf4 exf4 58. Nxf4 Kb2 59. Nd3+ Kb1 60. Ke3 Nb3 61. e5 fxe5 62. Ke4 Nc5+ 63. Nxc5 c1Q 0-1

[Event "GER-ch U16"]
[Site "Willingen"]
[Date "2008.05.13"]
[Round "5"]
[White "Schulz, Jens"]
[Black "Schiffner, Kevin"]
[Result "1-0"]
[WhiteElo "1984"]
[BlackElo "1928"]
[PlyCount "63"]
[EventDate "2008.05.11"]
[EventType "swiss"]
[EventRounds "9"]
[EventCountry "GER"]
[SourceTitle "CBM 124 Extra"]
[Source "ChessBase"]
[SourceDate "2008.07.03"]
[SourceVersion "1"]
[SourceVersionDate "2008.07.03"]
[SourceQuality "1"]

1. e4 d6 2. d4 Nf6 3. Nc3 g6 4. Be3 Bg7 5. Qd2 c6 6. 0-0-0 b5 7. f3 Qa5 8. Kb1 Nbd7 9. Bh6 0-0 10. Nd5 Qd8 11. Nxf6+ Nxf6 12. h4 Bb7 13. Bxg7 Kxg7 14. h5 Rh8 15. h6+ Kf8 16. Nh3 Qc7 17. Ng5 e5 18. f4 Qe7 19. Be2 c5 20. d5 a6 21. Rhf1 Bc8 22. Rf2 Nd7 23. Bg4 exf4 24. Qxf4 Ne5 25. Be6 Bxe6 26. dxe6 f6 27. Rdf1 Ke8 28. Qxf6 Qxf6 29. Rxf6 Ng4 30. Rf7 Nxh6 31. Rd7 c4 32. Nxh7 1-0

[Event "GER-ch U16"]
[Site "Willingen"]
[Date "2008.05.11"]
[Round "2"]
[White "Jussupow, Alexander"]
[Black "Schiffner, Kevin"]
[Result "1-0"]
[WhiteElo "2040"]
[BlackElo "1928"]
[PlyCount "77"]
[EventDate "2008.05.11"]
[EventType "swiss"]
[EventRounds "9"]
[EventCountry "GER"]
[SourceTitle "CBM 124 Extra"]
[Source "ChessBase"]
[SourceDate "2008.07.03"]
[SourceVersion "1"]
[SourceVersionDate "2008.07.03"]
[SourceQuality "1"]

1. d4 Nf6 2. Nf3 g6 3. Bf4 Bg7 4. e3 d6 5. h3 0-0 6. Be2 Nbd7 7. 0-0 c5 8. c3 a6 9. Nbd2 b5 10. a4 b4 11. cxb4 cxb4 12. a5 Bb7 13. Qb3 Rb8 14. Bc4 h6 15. Rfc1 Ne4 16. Nxe4 Bxe4 17. Bxa6 Ra8 18. Bb5 Nf6 19. a6 Qb6 20. Be2 Nd5 21. Bh2 Nc7 22. Nd2 Bd5 23. Qd3 Ra7 24. Nc4 Bxc4 25. Qxc4 Ne6 26. Qc6 Qxc6 27. Rxc6 Bxd4 28. exd4 Nxd4 29. Bf3 Nxc6 30. Bxc6 Rb8 31. Bf4 Rb6 32. Bb7 Kg7 33. Bc8 Rc7 34. Be3 Rb8 35. Bg4 e6 36. Bf3 Rcc8 37. a7 Ra8 38. Bxa8 Rxa8 39. Ra4 1-0

[Event "Saarbruecken-chT U20"]
[Site "Saarbruecken"]
[Date "2006.11.23"]
[Round "5.5"]
[White "Schiffner, Kevin"]
[Black "Zhang, Fan"]
[Result "1-0"]
[WhiteElo "1766"]
[BlackElo "2049"]
[PlyCount "77"]
[EventDate "2006.11.??"]
[EventType "team-tourn"]
[EventRounds "7"]
[EventCountry "GER"]
[SourceTitle "EXT 2008"]
[Source "ChessBase"]
[SourceDate "2007.11.25"]
[SourceVersion "1"]
[SourceVersionDate "2007.11.25"]
[SourceQuality "1"]

1. d4 d5 2. c4 c6 3. Nc3 Nf6 4. Nf3 e6 5. Bg5 Nbd7 6. cxd5 exd5 7. e3 Be7 8. Bd3 0-0 9. Qc2 Re8 10. 0-0 Nf8 11. Rac1 g6 12. a3 a5 13. Na4 Ne6 14. Bh4 Rb8 15. Qb3 Ne4 16. Bxe7 Qxe7 17. Rxc6 Bd7 18. Rcc1 N6g5 19. Bxe4 dxe4 20. Ne5 Be6 21. Qb6 h5 22. Nc5 Bf5 23. Nc4 Bh3 24. Qd6 Bg4 25. Qxe7 Rxe7 26. Nxa5 Rc7 27. Nab3 Rbc8 28. h3 Bf5 29. Rc3 Ne6 30. Rfc1 Nd8 31. Nxe4 Rxc3 32. Rxc3 Rb8 33. Nd6 Be6 34. Nc5 Ba2 35. Nd7 Ra8 36. Rc7 Kg7 37. Nxb7 Nxb7 38. Rxb7 Rc8 39. Nc5 1-0

[Event "Saarbruecken-chT U20"]
[Site "Saarbruecken"]
[Date "2006.11.22"]
[Round "3.5"]
[White "Hingst, Silke"]
[Black "Schiffner, Kevin"]
[Result "0-1"]
[WhiteElo "1506"]
[BlackElo "1766"]
[PlyCount "70"]
[EventDate "2006.11.??"]
[EventType "team-tourn"]
[EventRounds "7"]
[EventCountry "GER"]
[SourceTitle "EXT 2008"]
[Source "ChessBase"]
[SourceDate "2007.11.25"]
[SourceVersion "1"]
[SourceVersionDate "2007.11.25"]
[SourceQuality "1"]

1. e4 c5 2. c3 d5 3. exd5 Qxd5 4. d4 cxd4 5. Qxd4 Qxd4 6. cxd4 Nc6 7. Bb5 Bd7 8. Ne2 Nf6 9. a3 g6 10. Nbc3 a6 11. Bc4 Bg7 12. Be3 0-0 13. 0-0 Rac8 14. Ba2 Bf5 15. Ng3 Bd7 16. Rfd1 Rfd8 17. d5 Ne5 18. Bb6 Re8 19. Rac1 Nc4 20. Bd4 Nxb2 21. Rd2 Nc4 22. Bxc4 Rxc4 23. Rcd1 Rec8 24. Nce2 Bf5 25. Be5 Ne4 26. Nxe4 Bxe5 27. N4g3 Bc2 28. Re1 Bb2 29. a4 Ba3 30. Rd4 Bxa4 31. Ne4 Bb4 32. d6 Rxd4 33. Nxd4 Bxe1 34. dxe7 Bb4 35. Nf6+ Kg7 0-1

[Event "GER North-chT U16"]
[Site "Magdeburg"]
[Date "2006.08.26"]
[Round "2.1"]
[White "Brueggemann, Florian"]
[Black "Schiffner, Kevin"]
[Result "1/2-1/2"]
[WhiteElo "1813"]
[BlackElo "1661"]
[PlyCount "86"]
[EventDate "2006.08.26"]
[EventType "team-tourn"]
[EventRounds "7"]
[EventCountry "GER"]
[SourceTitle "EXT 2007"]
[Source "ChessBase"]
[SourceDate "2006.11.23"]
[SourceVersion "1"]
[SourceVersionDate "2006.11.23"]
[SourceQuality "1"]

1. e4 c5 2. Nf3 Nc6 3. d4 cxd4 4. Nxd4 e6 5. Be3 Nf6 6. Bd3 Be7 7. Nc3 0-0 8. 0-0 a6 9. f4 Qb6 10. Na4 Qc7 11. Kh1 b5 12. Nc3 Bb7 13. Qe1 Ng4 14. Bg1 Nf6 15. Rd1 Rfd8 16. a3 Rac8 17. h3 Nh5 18. Nce2 Nf6 19. Bh2 Qb6 20. c3 Bc5 21. Bb1 Bxd4 22. Nxd4 Na5 23. e5 Nd5 24. Rd2 Nc4 25. Re2 Re8 26. f5 Ne7 27. f6 Ng6 28. Bxg6 hxg6 29. Qh4 Qd8 30. Qf4 Rf8 31. Nf3 Bxf3 32. Rxf3 Nb6 33. Ref2 Nd5 34. Qd2 Rc6 35. Bg3 gxf6 36. exf6 Kh7 37. Rf4 Nxf4 38. Rxf4 g5 39. Qe2 Kh6 40. Qg4 Rc4 41. h4 Rg8 42. Rxc4 bxc4 43. Qxc4 Qxf6 1/2-1/2

[Event "GER-ch U14"]
[Site "Willingen"]
[Date "2006.06.07"]
[Round "7"]
[White "Schiffner, Kevin"]
[Black "Belger, Christian"]
[Result "1-0"]
[WhiteElo "1568"]
[BlackElo "1966"]
[PlyCount "101"]
[EventDate "2006.06.03"]
[EventType "swiss"]
[EventRounds "9"]
[EventCountry "GER"]
[SourceTitle "EXT 2007"]
[Source "ChessBase"]
[SourceDate "2006.11.23"]
[SourceVersion "1"]
[SourceVersionDate "2006.11.23"]
[SourceQuality "1"]

1. e4 c5 2. Nf3 Nc6 3. d4 cxd4 4. Nxd4 g6 5. Nc3 Bg7 6. Be3 Nf6 7. f3 0-0 8. Qd2 d5 9. exd5 Nxd5 10. Nxd5 Qxd5 11. c3 Nxd4 12. Bxd4 Bxd4 13. Qxd4 Qxd4 14. cxd4 Rd8 15. Rd1 Be6 16. b3 Rd6 17. Bc4 Bxc4 18. bxc4 Rad8 19. d5 e6 20. 0-0 exd5 21. cxd5 Rxd5 22. Rb1 Rd2 23. Rf2 Rd1+ 24. Rf1 Rxb1 25. Rxb1 Rd2 26. Rxb7 Rxa2 27. h4 Kg7 28. Kh2 a5 29. Ra7 a4 30. Ra6 h6 31. Kg3 g5 32. h5 a3 33. Kh2 Ra1 34. Ra5 a2 35. Ra6 f6 36. Ra7+ Kf8 37. g4 Ke8 38. Kg2 Kd8 39. Kh3 Kc8 40. Kg2 Kb8 41. Ra5 Kc7 42. Ra7+ Kd6 43. Ra6+ Kd5 44. Ra5+ Kc4 45. Ra8 Kb3 46. Rb8+ Kc4 47. Ra8 Kc3 48. Rc8+ Kd3 49. Rd8+ Ke3 50. Re8+ Kf4 51. Re4# 1-0